Score 0/25 Timer 07:00
2 Plays Today
% Correct
Ghostbusters
96.1%
Ted
92%
Batman & Robin
89.9%
Night at the Museum: Battle of the Smithsonian
81.4%
Shrek
79.9%
Alvin and the Chipmunks
79.5%
Sherlock Holmes: A Game of Shadows
79.4%
Casino Royale
72.9%
The Shawshank Redemption
66.7%
Indiana Jones and the Temple of Doom
58.4%
The Proposal
57.1%
Mrs. Doubtfire
56.2%
Love Actually
55.4%
% Correct
Beetlejuice
46.7%
Happy Feet
46%
Despicable Me
42.6%
Mean Girls
42.2%
The Devil Wears Prada
35.6%
Deadpool
35%
RED
33.3%
Snow White and the Huntsman
29%
Hansel & Gretel: Witch Hunters
28.3%
Hannibal
24.3%
Honey, I Shrunk the Kids
6.8%
Dark Shadows
4.7%
Remove Ads.
Support Sporcle.
Get the best of Sporcle when you Go Orange. This ad-free experience offers more features, more stats, and more fun while also helping to support Sporcle. Thank you for becoming a member.

You're not logged in!

Compare scores with friends on all Sporcle quizzes.
OR
Log In

Show Comments

Extras

Top Quizzes Today


Score Distribution

Your Account Isn't Verified!

In order to create a playlist on Sporcle, you need to verify the email address you used during registration. Go to your Sporcle Settings to finish the process.

Report this User

Report this user for behavior that violates our Community Guidelines.

Details: